=LDR 00000nam 2200000 4500 =001 $a INLIS000000000008387 =005 $a 20260604102722 =008 $a 260604################g##########0#ind## =022 ##$$a 978-602-9407-07-5 =035 ##$$a 0010-0626000014 =082 ##$$a 615.3 =084 ##$$a 615.3 RED a =110 #$$a Redaksi Trubus =245 ##$$a Ahli atasi kolesterol, hipertensi, diabetes $b $c Redaksi Trubus =246 ##$$a =260 ##$$a Depok $b Trubus Swadaya $c 2014 =300 ##$$a v, 122 hlm. $b ilus. $c 25 cm $d =336 ##$$a =337 ##$$a =338 ##$$a =500 #$$a My Trubus Healthy Life =504 #$$a Bibliografi: hlm. 120–122 Indeks =650 #$$a =700 #$$a =740 ##$$a =856 ##$$a =Wor $a 1